La misere et la gloire : histoire culturelle du monde russe de l'an mil a nos jours

Αποθηκεύτηκε σε:
Λεπτομέρειες βιβλιογραφικής εγγραφής
Κύριος συγγραφέας: Ropert, Andre
Μορφή: Βιβλίο
Γλώσσα:French
Δημοσίευση: Paris : A. Colin, 1992
Σειρά:Histoires / Colin
Θέματα:
Ετικέτες: Προσθήκη ετικέτας
Δεν υπάρχουν, Καταχωρήστε ετικέτα πρώτοι!

MARC

LEADER 00000nam a2200000 i 4500
001 1/1968
008 950807s1992 fre d
020 |a 2-200-37281-7 
035 |l 10014648 
040 |a GR-MY-UA  |b gre  |e aacr 
041 0 |a fre 
082 0 |a 947 
100 1 |a Ropert, Andre. 
245 1 3 |a La misere et la gloire :  |b histoire culturelle du monde russe de l'an mil a nos jours /  |c Andre Ropert 
260 |a Paris :   |b A. Colin,   |c 1992 
300 |a 407 p.;  |b maps;  |c 23 cm 
490 1 |a Histoires / Colin 
504 |a Includes bibliographical references and index 
651 0 |a Russia  |x History. 
651 0 |a Soviet Union  |x History. 
852 |a INST  |b LESVOS  |e 19950807  |h 947 ROP  |p 005100007563  |q 005100007563  |t BK  |y 0 
909 |a Λ  |b 024800